| 000 | 01009nam a22002657a 4500 | ||
|---|---|---|---|
| 003 | dpl | ||
| 005 | 20170124103224.0 | ||
| 008 | 161219b xxu||||| |||| 00| 0 eng d | ||
| 010 | _aA-895838 | ||
| 020 | _a8170701724 | ||
| 035 | _aA-895838 | ||
| 037 | _bCen Lib / Ret | ||
| 040 |
_aDPL _bEN _cdpl |
||
| 082 |
_a465.03 _bPRA |
||
| 245 |
_aव्यावहारिक नेपाली अंग्रेजी शब्दकोश / _cसम्पादक रघु नाथ घिमिरे |
||
| 246 |
_aA Practical dictionary of modern nepali / _bedited by Raghu Nath Ghimire |
||
| 260 |
_aदिल्ली _bरत्ना सागर _c1998 |
||
| 270 |
_aRatna Sagar _bDilli |
||
| 300 |
_a1004p ; _c24cm(Hb) |
||
| 650 |
_aNepali language -- Dictionaries -- English. _9141214 |
||
| 650 |
_aEnglish language -- Dictionaries -- Nepali. _9141215 |
||
| 650 |
_aEnglish language. _91922 |
||
| 700 |
_aGhimire, Raghu Nath _9141216 |
||
| 942 |
_2ddc _cEN _h465.03 _mPRA |
||
| 999 |
_c122079 _d122079 |
||